000 00642nam a2200193Ia 4500
008 090124s9999 xx 000 0 und d
082 _b3315
100 _aदळवी जे. पी.
245 _a एका पराभवाचची कहाणी
250 _a0
260 _bराजहंस प्रकाशन
_c1972
300 _a304
600 _aदळवी जे. पी.
630 _a एका पराभवाचची कहाणी
700 _aदळवी जे. पी.
700 _aभावे अनंत
730 _a एका पराभवाचची कहाणी
942 _cBOOK
999 _c83115
_d83115